| 000 | 00865nam a22002417a 4500 | ||
|---|---|---|---|
| 001 | 80759 | ||
| 003 | BD-RjUL | ||
| 005 | 20230313111230.0 | ||
| 008 | 221112s1992 bg a|||| m||| 00| 0 eng d | ||
| 035 | _a(BD-RjUL)80759 | ||
| 040 |
_aBD-RjUL _beng _cBD-RjUL _dBD-RjUL |
||
| 041 | _aeng | ||
| 082 |
_223 _a539.74 _bBAS 1992 |
||
| 100 |
_aBasher, Md. Abul _95648 |
||
| 245 | 1 | 0 |
_aA Study of Nuclear level structure using (3He,d) and (3He,p) Reactions / _cBy Md. Abul Basher ; _6Supervisor : Ahmad Husain |
| 260 |
_aRajshahi : _bDepartment of Physics, University of Rajshahi, _c1992 |
||
| 300 |
_aiv, 103 leaves : _bill, ; _c29.cm. |
||
| 502 | _aThesis (Ph. D.) -- Department of Physics, University of Rajshahi, 1992 | ||
| 504 | _aReferences : Leaves 95 - 100 | ||
| 650 |
_aNuclear structure _95805 |
||
| 700 |
_aHusain , Ahmad. Supervisor _95650 |
||
| 942 |
_2ddc _cTHE |
||
| 999 |
_c80759 _d80759 |
||